| 000 | 02786cam a2200745 4500 | ||
|---|---|---|---|
| 999 |
_c24074 _d24074 |
||
| 001 | vtls012264115 | ||
| 005 | 20251215120504.0 | ||
| 008 | 240925s2024 xo habcg hi 011 0aslo | ||
| 020 |
_a9788055194967 _q(viazané) |
||
| 040 |
_aSVKPO _bslo _cSVKPO _dSNK _erda |
||
| 041 | 1 |
_aslo _heng |
|
| 044 |
_axo _cSK |
||
| 072 | 7 |
_a343.8 _xVäzenstvo _2konspekt |
|
| 072 | 7 |
_a929 _xBiografie _2konspekt |
|
| 080 |
_a(=411.16) _22011 |
||
| 080 |
_a323.12"1939/1945"-053.15 _22011 |
||
| 080 |
_a355.48(100)"1939/1945" _22011 |
||
| 080 |
_a343.819.5 _22011 |
||
| 080 |
_a323.12"1939/1945" _22011 |
||
| 080 |
_a741/744-053.2 _22011 |
||
| 080 |
_a(438) _22011 |
||
| 080 |
_a(430) _22011 |
||
| 080 |
_a(0:82-312.6) _22011 |
||
| 100 | 1 |
_aGeve, Thomas, _d1929-2024 _4aut _95309 |
|
| 240 | 1 | 4 |
_aThe boy who drew Auschwitz _lSlovensky |
| 245 | 1 | 0 |
_aChlapec, ktorý nakreslil Auschwitz _bskutočný príbeh o nádeji a prežití _cThomas Geve v spolupráci s Charlesom Inglefieldom ; preložil Róbert Hrebíček |
| 264 | 1 |
_aBratislava _bIkar _c2024 |
|
| 300 |
_a373 strán _bfaksimile, ilustrácie (prevažne farebné), mapy, portréty _c21 cm |
||
| 336 |
_atext _btxt _2rdacontent |
||
| 337 |
_abez média _bn _2rdamedia |
||
| 338 |
_azväzok _bnc _2rdacarrier |
||
| 500 | _aPreložené z angličtiny | ||
| 600 | 1 | 7 |
_aGeve, Thomas, _d1929-2024 _2SNKMA _95309 |
| 610 | 1 | 7 |
_aOsvienčim (koncentračný tábor) _2SNKKA _92168 |
| 610 | 2 | 7 |
_aGross-Rosen (koncentračný tábor) _2SNKKA _95310 |
| 610 | 1 | 7 |
_aBuchenwald (koncentračný tábor) _2SNKKA _95311 |
| 648 | 7 |
_a20.-21. storočie _2SNKPH _91994 |
|
| 648 | 7 |
_a1939-1945 _2SNKPH _92019 |
|
| 648 | 7 |
_a20th-21st centuries _2SNKPHeng _91822 |
|
| 650 | 0 | 7 |
_aŽidia _2SNKPH _91732 |
| 650 | 0 | 7 |
_ažidovské deti _2SNKPH _94549 |
| 650 | 0 | 7 |
_apreživší holokaust _2SNKPH _93204 |
| 650 | 0 | 7 |
_adruhá svetová vojna (1939-1945) _2SNKPH _91735 |
| 650 | 0 | 7 |
_akoncentračné tábory _2SNKPH _91734 |
| 650 | 0 | 7 |
_aholokaust (1939-1945) _2SNKPH _91733 |
| 650 | 0 | 7 |
_adetské kresby _2SNKPH _95312 |
| 650 | 0 | 7 |
_aJews _2SNKPHeng _91737 |
| 650 | 0 | 7 |
_aHolocaust survivors _2SNKPHeng _93205 |
| 650 | 0 | 7 |
_aWorld War (1939-1945) _2SNKPHeng _91740 |
| 650 | 0 | 7 |
_aConcentration camps _2SNKPHeng _91739 |
| 650 | 0 | 7 |
_aHolocaust (1939-1945) _2SNKPHeng _91738 |
| 650 | 0 | 7 |
_aChildren's drawings _2SNKPHeng _95313 |
| 651 | 7 |
_aNemecko _2SNKPHgeo _93575 |
|
| 651 | 7 |
_aPoľsko _2SNKPHgeo _91754 |
|
| 651 | 7 |
_aGermany _2SNKPHeng _93576 |
|
| 651 | 7 |
_aPoland _2SNKPHeng _91755 |
|
| 655 | 7 |
_aautobiografické romány _2SNKPH _91743 |
|
| 655 | 7 |
_aAutobiographical novels _2SNKPHeng _91744 |
|
| 700 | 1 |
_aInglefield, Charles, _d1977- _4clb _95314 |
|
| 700 | 1 |
_aHrebíček, Róbert _4trl _91780 |
|
| 958 | _aLX | ||
| 958 | _aUP | ||
| 958 | _aZD | ||